书目信息 |
| 题名: |
建筑工程抗裂堵漏方法与实例
|
|
| 作者: | 张廷荣 , 张廷荣 著 | |
| 分册: | ||
| 出版信息: | 郑州 河南科学技术出版社 2001.01 |
|
| 页数: | 494页 | |
| 开本: | 21cm | |
| 丛书名: | ||
| 单 册: | ||
| 中图分类: | TU761.1 | |
| 科图分类: | ||
| 主题词: | 建筑工程--防裂--工程施工 , 建筑防水--工程施工 , 建筑工程 , 工程施工 , 建筑防水 | |
| 电子资源: | ||
| ISBN: | 7-5349-2498-7 | |
| 000 | 00912nam0 2200289 45 | |
| 001 | 012004000000 | |
| 005 | 20050105153927.17 | |
| 010 | @a7-5349-2498-7@dCNY 23.00 | |
| 100 | @a20040920e2001 em y0chiy0121 ea | |
| 101 | 0 | @achi |
| 102 | @aCN@b410000 | |
| 105 | @aak z 000yy | |
| 200 | 1 | @a建筑工程抗裂堵漏方法与实例@Ajian zhu gong cheng kang lie du lou fang fa yu shi li@f张廷荣等著@Fzhang ting rong deng zhu |
| 210 | @a郑州@c河南科学技术出版社@d2001.01@h2003重印 | |
| 215 | @a494页@c图, 表格@d21cm | |
| 304 | @a本书其他著者: 贡浩平,芮永升, 孙世龙 | |
| 320 | @a本书含主要参考资料 | |
| 606 | 0 | @a建筑工程@x防裂@x工程施工 |
| 606 | 0 | @a建筑防水@x工程施工 |
| 606 | 0 | @a建筑工程 |
| 606 | 0 | @a工程施工 |
| 606 | 0 | @a建筑防水 |
| 690 | @aTU761.1@v4 | |
| 701 | 0 | @a张廷荣@Azhang yan rong@4著 |
| 701 | 0 | @a张廷荣@Azhang ting rong@4著 |
| 801 | 0 | @aCN@bQSSKlw@c20050105 |
| 905 | @a10447@dTU761.1@eZ187 | |
| 建筑工程抗裂堵漏方法与实例/张廷荣等著.-郑州:河南科学技术出版社,2001.01(2003重印) |
| 494页:图, 表格;21cm |
| ISBN 7-5349-2498-7:CNY 23.00 |
| ● |
| 相关链接 |
|
|
|
正题名:建筑工程抗裂堵漏方法与实例
索取号:TU761.1/Z187
 
预约/预借
| 序号 | 登录号 | 条形码 | 馆藏地/架位号 | 状态 | 备注 |
| 1 | 434506 | 204345066 | 管理学院资料室/ [索取号:TU761.1/Z187] | 在馆 | |
| 2 | 434507 | 204345075 | 建筑库201/201建筑库 45排1列3层/ [索取号:TU761.1/Z187] | 在馆 |